Análisis de los instrumentos de política forestal vigentes y su impacto sobre los bienes y servicios ambientales en los ecosistemas estratégicos del área jurisdiccional de la Corporación Autónoma Regional de Cundinamarca-CAR (Registro nro. 6552)

Detalles MARC
000 -CABECERA
Campo de control 01688nam a2200241 a 4500
005 - FECHA Y HORA DE LA ULTIMA TRANSACCION
Campo de control 20150521020002.0
008 - ELEMENTOS DE LONGITUD FIJA—INFORMACION GENERAL
Campo de control 140129b2006 ck ||||| |||| 00| 0 spa d
040 ## - FUENTE DE CATALOGACIÓN
Agencia transcriptora CO-BoIH
041 ## - IDIOMA
Código de idioma para texto/pista de sonido o título separado Español
044 ## - PAÍS DE PUBLICACIÓN
País de publicación Colombia
090 ## - CLASIFICACIÓN LOCAL
Colección IAVH
Consecutivo 00964
100 ## - ASIENTO PRINCIPAL--NOMBRE PERSONAL
Nombre personal Moreno Díaz, Carlos Alberto
245 ## - MENCION DE TITULO
Título Análisis de los instrumentos de política forestal vigentes y su impacto sobre los bienes y servicios ambientales en los ecosistemas estratégicos del área jurisdiccional de la Corporación Autónoma Regional de Cundinamarca-CAR
Parte restante del título Tercera parte, primera sección
260 ## - PUBLICACION, DISTRIBUCION, ETC. (PIE DE IMPRENTA)
Lugar de publicación, distribución, etc. Bogotá
Nombre del editor, distribuidor, etc. Instituto Alexander von Humboldt
Fecha de publicación, distribución, etc. 2006
300 ## - DESCRIPCION FISICA
Extensión 30 p.
520 ## - NOTA DE RESUMEN, ETC.
Nota de resumen Consolida información organizada en ocho capítulos, el primero de ellos presenta el marco conceptual sobre el cual se desarrolla el trabajo; el segundo presenta la institucionales del sector foresta en el país; el tercer aparte consigna una descripción general del recurso general forestal en Colombia, en el cuarto capítulo se presenta la descripción del sector forestal en la jurisdicción de la CAR en los distintos ecosistemas existentes; el quinto capítulo recoge las políticas institucionales orientadas al sector forestal; el sexto los intrumentos de política vigentes para este sector, el séptimo presenta el impacto de estos intrumentos en los bienes y servicios ambientales de los ecosistemas estratégicos de la CAR y finalmente se presentan las conclusiones del estudio
650 ## - ASIENTO SECUNDARIO DE MATERIA - TERMINO TEMATICO
Término temático o nombre geográfico como elemento de entrada Instrumentos de política
650 ## - ASIENTO SECUNDARIO DE MATERIA - TERMINO TEMATICO
Término temático o nombre geográfico como elemento de entrada CAR
650 ## - ASIENTO SECUNDARIO DE MATERIA - TERMINO TEMATICO
Término temático o nombre geográfico como elemento de entrada Políticas forestales
650 ## - ASIENTO SECUNDARIO DE MATERIA - TERMINO TEMATICO
Término temático o nombre geográfico como elemento de entrada Bienes y servicios de la biodiversidad
942 ## - ELEMENTOS ADICIONALES (KOHA)
Tipo de ítem Informe Técnico
Sistema de clasificación Local
Koha issues (borrowed), all copies 1
945 ## - PROCESAMIENTO LOCAL
AAAA-MM-DD - Fecha de ingreso o modificacion 2008-09-09
Existencias
Withdrawn status Lost status Sistema de Clasificación Damaged status No para préstamo Colección Inventariado Ubicación Permanente Ubicación actual Fecha de adquisición Total Checkouts Número topográfico Inventario / Código de Barras Date last seen Date checked out Ejemplar Price effective from Forma de adquisición Tipo de material
    Local     Humboldt Inventariado 2017 Bogotá Bogotá 09/09/2008 1 IAVH-00964 026370 09/08/2024 20/05/2015 Ej. 1 04/12/2012   Informe Técnico